| 000 | 00724nam a2200229 u 4500 | ||
|---|---|---|---|
| 005 | 20210223130732.0 | ||
| 008 | 081015s2006 mx r 000 0 spa d | ||
| 020 | _a9789707709133 | ||
| 035 | _aUPN01000163628 | ||
| 049 | _aI | ||
| 050 | 4 |
_aQC981.3 _bJ5.3 |
|
| 100 | 1 | _aJin-Gyu, Park | |
| 245 | 1 | 3 |
_aEl clima es caprichoso : _buniverso : clima / _cPark Jin-Gyu ; il. Oh Seung-Min. |
| 260 |
_aMéxico : _bAltea, _cc2006. |
||
| 300 |
_a[38] p. : _bprincipalmente il. col. |
||
| 440 | 0 | _aCiencia básica | |
| 534 |
_pTítulo original: _tWeather is whimsical |
||
| 650 | 4 |
_aCLIMA - _vLITERATURA JUVENIL _912491 |
|
| 650 | 4 |
_aMETEREOLOGIA - _vLITERATURA JUVENIL _920732 |
|
| 700 | 1 |
_aSeung-Min, Oh, _eil. |
|
| 905 | _aInfantil | ||
| 999 |
_c135741 _d135741 |
||